Science Quiz

Random Science or Math Quiz

American Money In Your Pocket Quiz Stats

Quiz Updated Sep 28, 2015

Also try: Words on US Coins
Challenge
Share
Tweet
Embed
Score 0/20 Timer 03:00
0 Plays Today
Coins in your pocket Amount % Correct
1 dime$0.10
90.3%
4 dimes, 2 pennies$0.42
89.4%
1 quarter, 1 nickel$0.30
89.4%
1 quarter, 1 dime, 1 nickel, 1 penny$0.41
88.3%
4 dimes, 2 nickels, 5 pennies$0.55
88.1%
5 quarters, 3 nickels$1.40
87.9%
4 quarters, 3 nickels, 8 pennies$1.23
87.8%
3 quarters, 2 dimes, 1 nickel, 1 penny$1.01
87.5%
2 quarters, 1 dime, 1 nickel, 8 pennies$0.73
87.4%
9 quarters, 2 nickels$2.35
87.1%
Coins in your pocket Amount % Correct
2 quarters, 6 dimes, 2 nickels, 4 pennies$1.24
87%
2 dimes, 5 nickels, 2 pennies$0.47
86.9%
6 quarters, 2 nickels, 4 pennies$1.64
86.9%
1 quarter, 3 dimes, 3 nickels, 4 pennies$0.74
86.9%
1 Kennedy half dollar, 3 dimes, 3 pennies$0.83
86.8%
3 quarters, 3 dimes, 3 nickels$1.20
86.7%
5 quarters, 2 nickels, 7 pennies$1.42
86.6%
2 quarters, 7 nickels, 2 pennies$0.87
86.3%
3 quarters, 4 dimes, 9 pennies$1.24
85.5%
1 Sacagawea dollar, 5 quarters, 6 dimes, 1 penny$2.86
82.8%

You're not logged in!

Compare scores with friends on all Sporcle quizzes.
Join for Free
OR
Log In

You Might Also Like...

Show Comments

Extras

Top Quizzes Today


Score Distribution

Your Account Isn't Verified!

In order to create a playlist on Sporcle, you need to verify the email address you used during registration. Go to your Sporcle Settings to finish the process.

Report this User

Report this user for behavior that violates our Community Guidelines.

Details: